00478nam a2200133Ia 4500008004100000100002700041245009900068245002700167260005300194260000900247300001200256650001500268856006100283170221s9999 xx 000 0 und d aDesislava I. Yordanova aDifferences Between Bulgarian Family and Non-family Businesses: A Multivariate Logit Approach  cDesislava I. Yordanova bInternational Review of Management and Marketing c2016 a15 : 15 xMarketing. uhttp://www.econjournals.com/index.php/irmm/issue/view/88